BUBT Library Online Catalog

Law and Custom on Forests in Bangladesh: Issues & Remedies (Record no. 6499)

000 -LEADER
fixed length control field 00640nam a22002057a 4500
003 - CONTROL NUMBER IDENTIFIER
control field BUBTL
008 - FIXED-LENGTH DATA ELEMENTS--GENERAL INFORMATION
fixed length control field 210324b xxu||||| |||| 00| 0 eng d
020 ## - INTERNATIONAL STANDARD BOOK NUMBER
International Standard Book Number 984-8173-05-6
082 ## - DEWEY DECIMAL CLASSIFICATION NUMBER
Classification number 343.0565492/FAL
100 ## - MAIN ENTRY--PERSONAL NAME
Personal name Farooque, Mohiuddin
9 (RLIN) 4103
245 ## - TITLE STATEMENT
Title Law and Custom on Forests in Bangladesh: Issues & Remedies
Remainder of title Mohiuddin Farooque
250 ## - EDITION STATEMENT
Edition statement 1st ed.
260 ## - PUBLICATION, DISTRIBUTION, ETC. (IMPRINT)
Place of publication, distribution, etc. Dhaka
Name of publisher, distributor, etc. Bangladesh Environmental Lawyers Association (BELA)
Date of publication, distribution, etc. c1997
300 ## - PHYSICAL DESCRIPTION
Extent [xvii] , 308p . :
Other physical details 21cm.
650 ## - SUBJECT ADDED ENTRY--TOPICAL TERM
Topical term or geographic name as entry element Law
9 (RLIN) 4104
700 ## - ADDED ENTRY--PERSONAL NAME
Personal name Mohiuddin Farooque
9 (RLIN) 4105
856 ## - ELECTRONIC LOCATION AND ACCESS
Password 0
Logon 0
Link text Download
942 ## - ADDED ENTRY ELEMENTS (KOHA)
Source of classification or shelving scheme
Koha item type Books
Holdings
Withdrawn status Lost status Source of classification or shelving scheme Damaged status Not for loan Collection code Permanent location Current location Shelving location Date acquired Inventory number Total Checkouts Full call number Barcode Date last seen Copy number Price effective from Koha item type
          Non-fiction Bangladesh University of Business and Technology Library Bangladesh University of Business and Technology Library Law Stacks 03/24/2021 22164   343.0565492/FAL BUBTL-200322164 03/24/2021 C-1 03/24/2021 Books
        Not For Loan Non-fiction Bangladesh University of Business and Technology Library Bangladesh University of Business and Technology Library Law Stacks 03/24/2021 22165   343.0565492/FAL BUBTL-200322165 03/24/2021 C-2 03/24/2021 Books
        Not For Loan Non-fiction Bangladesh University of Business and Technology Library Bangladesh University of Business and Technology Library Law Stacks 03/24/2021 22166   343.0565492/FAL BUBTL-200322166 03/24/2021 C-3 03/24/2021 Books

More Information About Library

Library Hours

  • Open: 9.00 am. to 9.00 pm.
  • Only Sunday: 9.00 am. to 6.00 pm.
  • Closed: Holiday

Contact to the University

Bangladesh University of Business and Technology Library

  • Mirpurl-2, 1216.
  • Phone:
  • Fax:
  • E-Mail: admin.library@bubt.edu.bd

Contact to the Library

Contact Person:

Md. Abdul Hakim Shah
Joint Librarian
PABX No:  113
Cell No: 01816332931
E-mail: official: admin.library@bubt.edu.bd
Personal: hakim.shah@bubt.edu.bd


BUBT Library

Copyright © 2021